Tipos de Funções Matemáticas - Statistics

Estatísticas Gerais
  • Esse quiz foi jogado 55 vezes
  • A pontuação média é 13 de 47
Estatísticas das Respostas
Hint Resposta % Correto
Função Estatistica (médias, comparação entre médias) t (Student)
73%
Função Transcendental (Expoente) Exponencial
67%
Função Algébrica (Polinomial, grau 2) Quadrática
64%
Função Algébrica (Polinomial, grau 1) Afim
62%
Função Transcendental (Expoente, inversa) Logarítimica
58%
Função Transcendental (Trigonométrica) Cosseno
56%
Função Transcendental (Trigonométrica) Seno
56%
Função Transcendental (Trigonométrica) Tangente
56%
Função Transcendental (Trigonométrica, inversa em relação a relação trigonométrica) Cotangente
47%
Função Estatistica (análise de variância) F (Fischer-Snedecor)
44%
Função (Definição genérica: saída constante) Constante
40%
Função Algébrica (Polinomial, grau 0) Constante
40%
Função Transcendental (Trigonométrica, inversa em relação a relação trigonométrica) Cossecante
40%
Função Algébrica (Polinomial, grau 1) Linear
40%
Função Transcendental (Trigonométrica, inversa em relação a relação trigonométrica) Secante
40%
Função (Definição genérica, simetria) Impar
38%
Função Absoluta Modular
38%
Função (Definição genérica, simetria) Par
38%
Função Algébrica (Polinomial, grau n) Polinomial
38%
Função Algébrica (Polinomial, grau 3) Cúbica
33%
Função (Definição genérica: obtida pela permuta de variáveis de uma função) Inversa
33%
Funçao Transcendental (Trigonométrica, inversa em relação ao ângulo) Arco Cosseno
27%
Funçao Transcendental (Trigonométrica, inversa em relação ao ângulo) Arco Seno
27%
Funçao Transcendental (Trigonométrica, inversa em relação ao ângulo) Arco Tangente
27%
Função (Definição genérica: classificação relativa ao dominio / contradomínio / imagem) Bijetora
27%
Função (Definição genérica: gerada resultante de duas ou mais funções) Composta
24%
Função (Definição genérica: classificação relativa ao dominio / contradomínio / imagem) Injetora
24%
Função (Definição genérica: classificação relativa ao dominio / contradomínio / imagem) Sobrejetora
24%
Função Algébrica / Transcendental (Expoente fracionário) Raiz
22%
Função (Definição genérica, continuidade) Contínua
20%
Função (Definição genérica: pode gerar uma derivada) Diferenciável
16%
Grupo de Funções Transcendentais (Trigonométrica, hipérbole) Hiperbólicas
16%
Função (Definição genérica, continuidade) Descontínua
13%
Funçao Estatística (função densidade de probabilidade) Normal (Gauss)
11%
Função Algébrica (Razão entre polinômios) Racional
11%
Função Estatistica (probabilística) Binomial
7%
Função Estatistica (resultante da função citada anteriormente) Erro
7%
Função Especial Gama
4%
Função (Definição genérica, onde contradomínio = imagem) Identidade
4%
Função Estatistica (probabilística) Poisson
4%
Função Especial Bessel
2%
Função Especial Beta
2%
Função Estatistica (análise de variância, não-paramétrica) Chi-Quadrado
2%
Grupo de Funções Transcendentais (Trigonométrica, hipérbole, inversa) Hiperbólicas Inversas
2%
Função (Definição genérica: de variável complexa que gere derivada nessas condições) Holomórfica
2%
Função Transcendental (Expoente, inversa) Logarítmica Natural
2%
Função Descontínua Sinal
2%
Nenhum quiz correspondente encontrado
Distribuição das Pontuações
Porcentagem de Pessoas com Cada Pontuação
Percentil de Números Respondidos
Sua Pontuação Histórica
Você não jogou esse quiz